<?xml version="1.0" encoding="UTF-8"?>
<record
    xmlns:xsi="http://www.w3.org/2001/XMLSchema-instance"
    xsi:schemaLocation="http://www.loc.gov/MARC21/slim http://www.loc.gov/standards/marcxml/schema/MARC21slim.xsd"
    xmlns="http://www.loc.gov/MARC21/slim">

  <leader>01077nam a2200313 a 4500</leader>
  <controlfield tag="001">001570711</controlfield>
  <controlfield tag="003">AR-BeUNQ</controlfield>
  <controlfield tag="005">20251027151257.0</controlfield>
  <controlfield tag="007">ta</controlfield>
  <controlfield tag="008">230419s2022    ag     gr     001 p spa  </controlfield>
  <datafield tag="015" ind1=" " ind2=" ">
    <subfield code="a">AR-2022</subfield>
  </datafield>
  <datafield tag="020" ind1=" " ind2=" ">
    <subfield code="a">9789878431697</subfield>
  </datafield>
  <datafield tag="040" ind1=" " ind2=" ">
    <subfield code="a">AR-BeUNQ</subfield>
    <subfield code="b">spa</subfield>
    <subfield code="c">AR-BaBN</subfield>
    <subfield code="e">aacr</subfield>
  </datafield>
  <datafield tag="044" ind1=" " ind2=" ">
    <subfield code="a">ag</subfield>
    <subfield code="c">ar-c</subfield>
  </datafield>
  <datafield tag="082" ind1=" " ind2=" ">
    <subfield code="2">21</subfield>
    <subfield code="a">863 fFER</subfield>
  </datafield>
  <datafield tag="100" ind1="1" ind2=" ">
    <subfield code="a">Ferrari, Irene</subfield>
    <subfield code="e">autora</subfield>
    <subfield code="4">aut</subfield>
  </datafield>
  <datafield tag="245" ind1="1" ind2="0">
    <subfield code="a">En alguna hora de tarde se desespera un p&#xE1;jaro /</subfield>
    <subfield code="c">Irene Ferrari.</subfield>
  </datafield>
  <datafield tag="250" ind1=" " ind2=" ">
    <subfield code="a">1a ed.</subfield>
  </datafield>
  <datafield tag="260" ind1=" " ind2=" ">
    <subfield code="a">Ciudad de Buenos Aires :</subfield>
    <subfield code="b">Ediciones en Danza,</subfield>
    <subfield code="c">2022.</subfield>
  </datafield>
  <datafield tag="300" ind1=" " ind2=" ">
    <subfield code="a">55 p. ;</subfield>
    <subfield code="c">20 cm.</subfield>
  </datafield>
  <datafield tag="500" ind1=" " ind2=" ">
    <subfield code="a">En el lomo y contratapa: "326", que corresponde a un n&#xFA;mero de orden en las obras publicadas por Ediciones en Danza.</subfield>
  </datafield>
  <datafield tag="655" ind1=" " ind2="4">
    <subfield code="a">Poes&#xED;a</subfield>
  </datafield>
  <datafield tag="751" ind1=" " ind2=" ">
    <subfield code="a">Buenos Aires</subfield>
    <subfield code="e">lugar de publicaci&#xF3;n</subfield>
    <subfield code="4">pup</subfield>
  </datafield>
  <datafield tag="929" ind1=" " ind2="1">
    <subfield code="a">DONACION</subfield>
    <subfield code="b">FERRARI, IRENE</subfield>
    <subfield code="c">0</subfield>
    <subfield code="d">0</subfield>
    <subfield code="e">2022</subfield>
    <subfield code="f">PAT 0083826</subfield>
    <subfield code="j">600547</subfield>
  </datafield>
  <datafield tag="930" ind1=" " ind2="1">
    <subfield code="l">BNA01</subfield>
    <subfield code="m">LIBRO</subfield>
    <subfield code="6">01208881</subfield>
    <subfield code="8">20230419</subfield>
    <subfield code="f">11</subfield>
    <subfield code="s">03</subfield>
    <subfield code="n">000</subfield>
    <subfield code="o">001570711</subfield>
  </datafield>
  <datafield tag="942" ind1=" " ind2=" ">
    <subfield code="2">ddc</subfield>
    <subfield code="n">0</subfield>
    <subfield code="c">LIB</subfield>
  </datafield>
  <datafield tag="956" ind1=" " ind2=" ">
    <subfield code="a">RHUBERMAN</subfield>
    <subfield code="b">20</subfield>
    <subfield code="c">20230419</subfield>
    <subfield code="l">BNA01</subfield>
    <subfield code="h">1658</subfield>
  </datafield>
  <datafield tag="999" ind1=" " ind2=" ">
    <subfield code="c">1406</subfield>
    <subfield code="d">1406</subfield>
  </datafield>
</record>
